Hacia una gran universidad chilena: un modelo de transformación estratégica

Guardat en:
Dades bibliogràfiques
Autors principals: Hax, Arnoldo C (Autor), Ugarte, Juan José (Autor)
Autor corporatiu: Pontificia Universidad Católica de Chile (Autor)
Format: Llibre
Idioma:espanyol
Publicat: Santiago Ediciones Universidad Católica de Chile 2014
Edició:1a. ed
Matèries:
Etiquetes: Afegir etiqueta
Sense etiquetes, Sigues el primer a etiquetar aquest registre!

MARC

LEADER 00000cam a2200000 a 4500
001 UCE4886
003 CL-VaPUC
008 141113e20140800cl |||||||||||||||||spa|d
020 |a 9789561414648 
082 0 4 |a 378.83  |b HAX  |2 21 
100 |a Hax, Arnoldo C  |e author  |9 578134 
700 0 |a Ugarte, Juan José  |e author  |9 577353 
110 2 |a Pontificia Universidad Católica de Chile  |e author  |9 577354 
245 1 0 |a Hacia una gran universidad chilena: un modelo de transformación estratégica 
250 |a 1a. ed 
300 |a 290 p 
942 |c BK 
945 |d 20141113 14:00:00  |a arojas 
260 |a Santiago  |b Ediciones Universidad Católica de Chile  |c 2014 
650 0 |a Educación superior   |9 223851 
650 0 |a Universidades  |9 256317 
651 7 |a CHILE  |2 CL-VaPUC  |9 577355 
583 |a last modification  |c 20150115 11:48:07  |k Rodrigo Vera 
999 |c 357742  |d 357740 
952 |0 0  |1 0  |3 erb  |4 0  |6 378_830000000000000_HAX_2014  |7 0  |8 A  |9 465794  |a BIBDER  |b BIBDER  |i 5125103  |l 1  |o 378.83 HAX 2014  |p 5125103  |r 2024-03-26  |s 2024-03-26  |w 2019-11-23  |y BK  |z Catalogado en:20141113  |k DER